000 00536nam a2200205Ia 4500
005 20250508161041.0
008 008 250505s9999 xx 000 0 eng d
037 _aTextual
040 _aFEDL
_beng
_cFEDL
041 _aeng
_2eng
084 _a336.24, GUP
_qFEDL
100 _aGupta Rup Ram
245 0 _aIncome-tax law and practice
250 _a38th
260 _aAgra, India
_bMira Prakashan
_c1979
300 _avii,505p.
650 _aEconomics
942 _cTEXL
_h336.24, GUP
999 _c1368137
_d1368137